[Event "Dubai The Arbor blitz op"]
[Site "Dubai"]
[Date "2019.04.12"]
[Round "8"]
[White "Abid, Ali Mujawar"]
[Black "Dalvi, Sharjeel"]
[Result "1-0"]
[WhiteElo "1723"]
[BlackElo "1315"]
[PlyCount "51"]
[EventDate "2019.04.12"]
[EventType "swiss (blitz)"]
[EventRounds "9"]
[EventCountry "UAE"]
[SourceTitle "CBM 189 Extra"]
[Source "ChessBase"]
[SourceDate "2019.06.03"]
[SourceVersion "1"]
[SourceVersionDate "2019.06.03"]
[SourceQuality "1"]

1. e4 c5 2. Nf3 d6 3. d4 cxd4 4. Nxd4 Nf6 5. Nc3 g6 6. Be3 Bg7 7. Be2 0-0 8. Qd2 Nc6 9. Nb3 Bd7 10. Bh6 Bg4 11. f3 Be6 12. h4 Nh5 13. 0-0-0 Ng3 14. Bxg7 Kxg7 15. Rhe1 a5 16. Nd5 a4 17. Nd4 Nxe2+ 18. Rxe2 Bxd5 19. exd5 Ne5 20. Qe1 Re8 21. h5 Rc8 22. hxg6 fxg6 23. Rxe5 Qb6 24. Rxe7+ Rxe7 25. Qxe7+ Kh6 26. Rh1# 1-0

[Event "Sharjah op rapid"]
[Site "Sharjah"]
[Date "2018.05.23"]
[Round "2"]
[White "Dalvi, Sharjeel"]
[Black "Grivas, Efstratios"]
[Result "0-1"]
[WhiteElo "1418"]
[BlackElo "2445"]
[PlyCount "74"]
[EventDate "2018.05.23"]
[EventType "swiss (rapid)"]
[EventRounds "9"]
[EventCountry "UAE"]
[SourceTitle "CBM 184 Extra"]
[Source "ChessBase"]
[SourceDate "2018.06.28"]
[SourceVersion "1"]
[SourceVersionDate "2018.06.28"]
[SourceQuality "1"]

1. e4 e5 2. Nf3 Nc6 3. Bc4 Nf6 4. 0-0 Be7 5. Nc3 0-0 6. h3 Nxe4 7. Nxe4 d5 8. Bxd5 Qxd5 9. Nc3 Qd6 10. d3 Qg6 11. Kh2 Be6 12. Qe2 f5 13. Nb5 Bd6 14. Nxd6 cxd6 15. Rg1 Rae8 16. Bd2 e4 17. Ng5 Bd7 18. dxe4 fxe4 19. Qc4+ Kh8 20. Rae1 Rxf2 21. Nxe4 Ne5 22. Qc7 Nf3+ 23. Kh1 Rxe4 24. Rxe4 Qxe4 25. Qxd7 h6 26. Bc3 Ne5 27. Qxd6 Ng6 28. Qc7 Ne7 29. Qb8+ Kh7 30. Qxa7 Rxc2 31. a4 Nf5 32. Qb8 Re2 33. Qf8 Rf2 34. Qc8 Ng3+ 35. Kh2 Nf1+ 36. Kh1 Qf4 37. g3 Qf3+ 0-1